Fake news laborales y libertad de expresión. (Registro nro. 22643)

000 -Cabecera
Campo de control interno 02919nam a2200349 4500
001 - Número de control
control field ESSALUD
005 - Fecha y hora de la última transacción
Campo de control 20260703155823.0
007 - Tipo material - Descripcion fisica - info general
Tipo material - Descripcion fisica - info general ta
008 - Elementos de Longitud Fija - Información General
Elementos de Longitud Fija - Información t pe ||||| |||| 00| 0 spa d
040 ## - Origen de la Catalogación
Origen de la Catalogación BMG
041 ## - Idioma
Idioma spa
100 ## - Autor
Autor Abarca Rubianes, Carlos Rodrigo
Rol del Autor Autor
9 (RLIN) 47302
245 ## - Titulo
Titulo Fake news laborales y libertad de expresión.
Subtitulo Denuncias falsas contra el empleador en redes sociales y sus consecuencias laborales
246 ## - Variante del Titulo
Titulo Fake news in labour relations and freedom of expression
Subtitulo False allegations against employers on social media and their labour con sequences
300 ## - Páginas
Paginación páginas 105-118
520 ## - Resumen
Resumen La expansión de las redes socia les ha permitido que los trabajadores expresen<br/>públicamente opiniones y denuncias sobre sus empleadores, generando nuevos<br/>desafíos para el Derecho del Trabajo. El presente artículo analiza si la difusión de afirmaciones<br/>falsas o no probadas contra el empleador en plataformas digitales se encuentra protegida por la libertad de expresión dentro de la relación laboral. A partir de un<br/>análisis doctrinal y jurisprudencial de pronunciamientos del Tribunal Constitucional, la<br/>Corte Suprema y el Tribunal de Fiscalización Laboral, se identifican criterios interpretativos<br/>divergentes. Se sostiene que la libertad de expresión no es absoluta y que la<br/>difusión de in formación falsa puede vulnerar la buena fe laboral y justificar medidas<br/>disciplinarias.<br/>
520 ## - Resumen
Resumen The expansion of social medio has enabled workers to publicly express opinions and<br/>complaints about their employers, raising new challenges far labour law. This article analyzes whether<br/>the dissemination of false or unproven allegations against employers on digital platforms is protected<br/>by freedom of expression within the employment relationship. Through o doctrinal and jurisprudential<br/>analysis of decisions issued by the Constitutional Court, the Supreme Court and the Lobour inspection<br/>Tribunal in Peru, the study identifies conflicting interpretative approaches. It orgues thot freedom of<br/>expression is not absolute and thot the dissemination of false information moy constitute o breach of<br/>good faith and justify disciplinary measures by the employer <br/>
650 ## - Temas - Descriptores
Temas - Descriptores LIBRE CRITICA
9 (RLIN) 53290
650 ## - Temas - Descriptores
Temas - Descriptores LIBERTAD DE EXPRESIÓN
9 (RLIN) 53291
650 ## - Temas - Descriptores
Temas - Descriptores REPUTACIÓN EMPRESARIAL
9 (RLIN) 53292
650 ## - Temas - Descriptores
Temas - Descriptores DENUNCIAS FALSAS
9 (RLIN) 53293
650 ## - Temas - Descriptores
Temas - Descriptores CONTROL EMPRESARIAL
9 (RLIN) 53294
650 ## - Temas - Descriptores
Temas - Descriptores PODER DE DIRECCIÓN
9 (RLIN) 53295
650 ## - Temas - Descriptores
Temas - Descriptores FREEDOM OF EXPRESSION
9 (RLIN) 53296
650 ## - Temas - Descriptores
Temas - Descriptores FREE CRITICISM
9 (RLIN) 53297
650 ## - Temas - Descriptores
Temas - Descriptores CARPORATE REPUTATION
9 (RLIN) 53298
650 ## - Temas - Descriptores
Temas - Descriptores FALSE ALLEGATIONS
9 (RLIN) 53299
650 ## - Temas - Descriptores
Temas - Descriptores EMPLOYER CONTROL
9 (RLIN) 53300
650 ## - Temas - Descriptores
Temas - Descriptores MONOGERIAL PREROGATIVE
9 (RLIN) 53301
773 0# - Revista (Relacion con el numero)
Host Biblionumber 22614
Host Itemnumber 22626
Ciudad, Editorial Lima Grupo Praxis Formación Profesional, 2026-
Codigo barras item/ejemplar PRALAB002
Titulo de la Revista Praxis Laboral & Procesal Laboral
Número de control de registro ESSALUD
ISSN 3119-768X
942 ## - Elementos de Koha
Tipo de Documento Artículos
Fecha procesamiento 2026-07-02
Catalogador SQB

No hay ítems disponibles.